साक्षात्कार (Record no. 67980)
[ view plain ]
| 000 -LEADER | |
|---|---|
| fixed length control field | 00454nam a22001577a 4500 |
| 003 - CONTROL NUMBER IDENTIFIER | |
| control field | Macl |
| 005 - DATE AND TIME OF LATEST TRANSACTION | |
| control field | 20250703134554.0 |
| 008 - FIXED-LENGTH DATA ELEMENTS--GENERAL INFORMATION | |
| fixed length control field | 250703b |||||||| |||| 00| 0 eng d |
| 040 ## - CATALOGING SOURCE | |
| Transcribing agency | Macl |
| 082 ## - DEWEY DECIMAL CLASSIFICATION NUMBER | |
| Classification number | 891.433 |
| 100 ## - MAIN ENTRY--PERSONAL NAME | |
| Personal name | कौल मानव |
| 9 (RLIN) | 83196 |
| 245 ## - TITLE STATEMENT | |
| Title | साक्षात्कार |
| 260 ## - PUBLICATION, DISTRIBUTION, ETC. (IMPRINT) | |
| Place of publication, distribution, etc. | नोएडा |
| Name of publisher, distributor, etc. | हिंद युग्म |
| Date of publication, distribution, etc. | २०२४ |
| 650 ## - SUBJECT ADDED ENTRY--TOPICAL TERM | |
| Topical term or geographic name as entry element | उपन्याास |
| 9 (RLIN) | 83198 |
| 942 ## - ADDED ENTRY ELEMENTS (KOHA) | |
| Source of classification or shelving scheme | |
| Koha item type | Hindi Books |
| Withdrawn status | Lost status | Source of classification or shelving scheme | Damaged status | Not for loan | Home library | Current library | Date acquired | Cost, normal purchase price | Total Checkouts | Full call number | Barcode | Date last seen | Date last checked out | Price effective from | Koha item type |
|---|---|---|---|---|---|---|---|---|---|---|---|---|---|---|---|
| MACL | MACL | 03/07/2025 | 299.00 | 2 | 891.433 /kaul /N | DPI003631 | 05/04/2026 | 31/03/2026 | 03/07/2025 | Hindi Books |









